|
|
|
|
| LEADER |
00000nam0a2200000 4500 |
| 001 |
673117 |
| 005 |
20241029164717.0 |
| 090 |
|
|
|a 673117
|
| 100 |
|
|
|a 20240617d2010 m||y0rusy50 ca
|
| 101 |
0 |
|
|a rus
|
| 102 |
|
|
|a RU
|
| 105 |
|
|
|a a j 001yy
|
| 181 |
|
0 |
|a i
|b e
|
| 182 |
|
0 |
|a n
|
| 183 |
|
0 |
|a nc
|2 RDAcarrier
|
| 200 |
1 |
|
|a Основы нефтегазового дела
|e практикум
|f Томский политехнический университет ; сост. В. Г. Крец, А. В. Шадрина
|
| 203 |
|
|
|a Текст
|b визуальный
|c непосредственный
|
| 210 |
|
|
|a Томск
|c Изд-во ТПУ
|d 2010
|
| 215 |
|
|
|a 71 с.
|c ил.
|
| 283 |
|
|
|a volume
|2 RDAcarrier
|
| 317 |
|
|
|5 63413507: КР-7819
|a Поступил в НТБ в 2023 г. в составе книжного собрания профессора В. Г. Лукьянова
|
| 320 |
|
|
|a Рекомендуемая литература: с. 4
|
| 330 |
|
|
|a Приведены основные сведения и методики выбора и расчета нефтегазопромысловых труб, сепараторов, резервуаров, оборудования фонтанных и насосных скважин, насосов и компрессоров, оборудования по капитальному и подземному ремонту скважин. Практикум подготовлен на кафедре транспорта и хранения нефти и газа Института геологии и нефтегазового дела и предназначен для студентов Института международного образования и языковой коммуникации ТПУ, а также может быть использован учащимися, студентами учреждений нефтяного профиля.
|
| 606 |
1 |
|
|a Нефтегазовое дело
|9 88608
|
| 610 |
1 |
|
|a нефтегазопромысловые трубопроводы
|
| 610 |
1 |
|
|a трубы
|
| 610 |
1 |
|
|a емкости
|
| 610 |
1 |
|
|a расчет
|
| 610 |
1 |
|
|a сепараторы
|
| 610 |
1 |
|
|a резервуары
|
| 610 |
1 |
|
|a насосы
|
| 610 |
1 |
|
|a практикумы
|
| 610 |
1 |
|
|a учебно-методические пособия
|
| 610 |
1 |
|
|a труды учёных ТПУ
|
| 610 |
1 |
|
|a Библиотека В. Г. Лукьянова
|
| 675 |
|
|
|a 622.32(076.5)
|v 4
|
| 702 |
|
1 |
|a Крец
|b В. Г.
|c специалист в области нефтегазового дела
|c доцент Томского политехнического университета, кандидат технических наук
|f 1942-
|g Виктор Георгиевич
|4 220
|9 11960
|
| 702 |
|
1 |
|a Шадрина
|b А. В.
|c специалист в области нефтегазового дела
|c профессор Томского политехнического университета, доктор технических наук
|f 1980-
|g Анастасия Викторовна
|4 220
|9 11965
|
| 712 |
0 |
2 |
|a Национальный исследовательский Томский политехнический университет
|b Институт геологии и нефтегазового дела
|c (2009- )
|4 570
|9 23462
|
| 712 |
0 |
2 |
|a Национальный исследовательский Томский политехнический университет
|b Институт международного образования и языковой коммуникации
|4 570
|9 26799
|
| 801 |
|
0 |
|a RU
|b 63413507
|c 20240617
|
| 850 |
|
|
|a 63413507
|
| 942 |
|
|
|c BK
|